00446nam a2200145Ia 4500003000400000008004100004040001600045082002200061100002300083245009000106260004800196300001000244650002600254650002000280GCL140319s9999 xx 000 0 eng d aGCL / cGCL04a781.77309042bT A1 aTISCHLER, BARBARAL10aAN AMERICAN MUSIC: THE SEARCH FOR AN AMERICAN MUSICAL IDENTITY / cTISCHLER, BARBARAL a[S.N] : bOXFORD UNIVERSITY PRESS ، c1986 a225 P04aHISTORY AND CRITICISM04aMUSIC - AMERICA